000 00731nam a2200253Ia 4500
003 OSt
005 20220928111224.0
006 a|||||r|||| 00| 0
007 ta
008 220927b |||||||| |||| 00| 0 hin d
020 _c220
024 _a119190
037 _b01847, 29/08/2013, Kitabghar Parkashan
_cTextual
040 _aSDCL
_cSDCL
_bhin
041 _2hin
_ahin
082 _aO152,6N16x, Q2
100 _aShastri Janki Vallabh
245 0 _aMan ki baat
260 _aNew Delhi
_bKitabghar Prakashan
_c2013
300 _a7;132p
_ccm.
650 _aHindi
_9391598
942 _hO152,6N16x, Q2
_cTEXL
_2CC
999 _c739270
_d739270